[Event "Esbjerg Efterår 2019"]
[Site "?"]
[Date "2019.10.20"]
[Round "6.1"]
[White "Kristiansen, Jens"]
[Black "Boe, Mads"]
[Result "1-0"]
[BlackElo "2284"]
[WhiteElo "2411"]
[LiveChessVersion "1.4.8"]

1. Nf3 {[%clk 1:30:58]} d5 {[%clk 1:28:52]} 2. g3 {[%clk 1:30:53]} Nf6
{[%clk 1:29:13]} 3. Bg2 {[%clk 1:31:15]} c6 {[%clk 1:29:25]} 4. O-O
{[%clk 1:31:30]} Bg4 {[%clk 1:27:14]} 5. d3 {[%clk 1:30:44]} e6 {[%clk 1:23:01]}
6. Nbd2 {[%clk 1:30:46]} Be7 {[%clk 1:16:14]} 7. h3 {[%clk 1:29:31]} Bh5
{[%clk 1:13:26]} 8. e4 {[%clk 1:28:38]} O-O {[%clk 1:12:04]} 9. g4
{[%clk 1:27:01]} Bg6 {[%clk 1:12:16]} 10. Ne5 {[%clk 1:27:20]} dxe4
{[%clk 1:05:53]} 11. dxe4 {[%clk 1:26:49]} Nfd7 {[%clk 1:05:35]} 12. Nxg6
{[%clk 1:26:07]} hxg6 {[%clk 1:05:58]} 13. f4 {[%clk 1:23:58]} g5
{[%clk 0:57:49]} 14. Nf3 {[%clk 1:21:55]} gxf4 {[%clk 0:49:05]} 15. Bxf4
{[%clk 1:21:58]} Qa5 {[%clk 0:45:57]} 16. Bd6 {[%clk 1:15:41]} Bxd6
{[%clk 0:45:26]} 17. Qxd6 {[%clk 1:16:04]} Qc5+ {[%clk 0:45:35]} 18. Qxc5
{[%clk 1:16:26]} Nxc5 {[%clk 0:45:57]} 19. Rad1 {[%clk 1:06:25]} a5
{[%clk 0:39:52]} 20. Ne5 {[%clk 1:02:43]} Nba6 {[%clk 0:37:01]} 21. g5
{[%clk 0:57:53]} f6 {[%clk 0:34:01]} 22. gxf6 {[%clk 0:54:43]} gxf6
{[%clk 0:33:55]} 23. Ng4 {[%clk 0:54:00]} Kg7 {[%clk 0:33:46]} 24. a3
{[%clk 0:49:39]} Rf7 {[%clk 0:31:43]} 25. Rd4 {[%clk 0:47:14]} Rd7
{[%clk 0:17:35]} 26. Rxd7+ {[%clk 0:44:08]} Nxd7 {[%clk 0:18:03]} 27. Rd1
{[%clk 0:44:27]} Nf8 {[%clk 0:18:04]} 28. Kf2 {[%clk 0:41:44]} Re8
{[%clk 0:13:56]} 29. e5 {[%clk 0:36:30]} fxe5 {[%clk 0:09:20]} 30. Nxe5
{[%clk 0:35:37]} Kf6 {[%clk 0:09:45]} 31. Nc4 {[%clk 0:32:51]} a4
{[%clk 0:09:59]} 32. Nd6 {[%clk 0:32:48]} Re7 {[%clk 0:09:47]} 33. Rd4
{[%clk 0:30:08]} Nc5 {[%clk 0:06:45]} 34. Ne4+ {[%clk 0:25:17]} Ke5
{[%clk 0:06:57]} 35. Rc4 {[%clk 0:23:25]} Rf7+ {[%clk 0:03:33]} 36. Ke3
{[%clk 0:22:42]} Ncd7 {[%clk 0:03:55]} 37. Nc5 {[%clk 0:16:59]} Nxc5
{[%clk 0:01:12]} 38. Rxc5+ {[%clk 0:17:21]} Kd6 {[%clk 0:01:35]} 39. Rc4
{[%clk 0:14:29]} Rg7 {[%clk 0:01:53]} 40. Rg4 {[%clk 0:14:23]} Rxg4
{[%clk 0:01:41]} 41. hxg4 {[%clk 0:14:45]} Ke5 {[%clk 0:01:55]} 42. Be4
{[%clk 0:11:51]} Nd7 {[%clk 0:02:24]} 43. g5 {[%clk 0:11:42]} Nb6
{[%clk 0:01:50]} 44. g6 {[%clk 0:09:06]} Kf6 {[%clk 0:01:05]} 45. Kd4
{[%clk 0:09:07]} Nd7 {[%clk 0:01:28]} 46. c3 {[%clk 0:06:32]} Nf8
{[%clk 0:01:36]} 47. Kc5 {[%clk 0:05:40]} Nxg6 {[%clk 0:01:56]} 48. Kb6
{[%clk 0:05:53]} Ne7 {[%clk 0:02:19]} 49. Kxb7 {[%clk 0:06:15]} Ke5
{[%clk 0:01:04]} 50. Bc2 {[%clk 0:05:46]} Kd6 {[%clk 0:00:41]} 51. Bxa4
{[%clk 0:06:03]} e5 {[%clk 0:00:47]} 52. Bc2 {[%clk 0:06:01]} Nd5
{[%clk 0:00:38]} 53. a4 {[%clk 0:05:56]} 1-0

[Event "Esbjerg Efterår 2019"]
[Site "?"]
[Date "2019.10.20"]
[Round "6.2"]
[White "Nielsen, Jens Ove Fries"]
[Black "Pedersen, Nicolai Vesterbæk"]
[Result "1/2-1/2"]
[BlackElo "2403"]
[WhiteElo "2368"]
[LiveChessVersion "1.4.8"]

1. e4 {[%clk 1:30:25]} e5 {[%clk 1:30:36]} 2. Nf3 {[%clk 1:30:11]} Nc6
{[%clk 1:30:51]} 3. Bb5 {[%clk 1:29:09]} a6 {[%clk 1:30:03]} 4. Ba4
{[%clk 1:28:40]} Nf6 {[%clk 1:30:26]} 5. Bxc6 {[%clk 1:29:02]} dxc6
{[%clk 1:28:58]} 6. d3 {[%clk 1:29:26]} Nd7 {[%clk 1:26:05]} 7. Nbd2
{[%clk 1:28:46]} c5 {[%clk 1:21:53]} 8. Nc4 {[%clk 1:26:23]} Bd6 {[%clk 1:20:50]}
9. c3 {[%clk 1:19:27]} O-O {[%clk 1:19:21]} 10. O-O {[%clk 1:15:01]} Re8
{[%clk 1:13:01]} 11. Qb3 {[%clk 1:11:06]} Nf8 {[%clk 1:03:13]} 12. Ng5
{[%clk 1:04:02]} Ne6 {[%clk 0:58:44]} 13. Nxe6 {[%clk 1:00:32]} 1/2-1/2

[Event "Esbjerg Efterår 2019"]
[Site "?"]
[Date "2019.10.20"]
[Round "6.3"]
[White "Pedersen, Lars Wilton"]
[Black "Carlstedt, Jonathan"]
[Result "0-1"]
[BlackElo "2442"]
[WhiteElo "2065"]
[LiveChessVersion "1.4.8"]

1. Nf3 {[%clk 1:30:58]} d5 {[%clk 1:30:19]} 2. d4 {[%clk 1:30:27]} Nf6
{[%clk 1:29:07]} 3. c4 {[%clk 1:26:36]} c6 {[%clk 1:28:40]} 4. Nc3
{[%clk 1:26:24]} e6 {[%clk 1:29:02]} 5. e3 {[%clk 1:24:07]} Nbd7 {[%clk 1:29:20]}
6. Bd3 {[%clk 1:24:16]} Bd6 {[%clk 1:29:43]} 7. O-O {[%clk 1:24:22]} O-O
{[%clk 1:30:06]} 8. e4 {[%clk 1:22:05]} dxc4 {[%clk 1:29:51]} 9. Bxc4
{[%clk 1:22:23]} e5 {[%clk 1:29:57]} 10. Bg5 {[%clk 1:18:21]} b5 {[%clk 1:28:43]}
11. Bb3 {[%clk 1:17:49]} b4 {[%clk 1:26:39]} 12. dxe5 {[%clk 1:09:12]} Nxe5
{[%clk 1:24:49]} 13. Nxe5 {[%clk 1:09:34]} Bxe5 {[%clk 1:23:00]} 14. Qxd8
{[%clk 1:06:39]} Rxd8 {[%clk 1:23:27]} 15. Na4 {[%clk 1:06:58]} Ba6
{[%clk 1:23:39]} 16. Rfd1 {[%clk 1:00:03]} Rxd1+ {[%clk 1:23:32]} 17. Rxd1
{[%clk 1:00:03]} Nxe4 {[%clk 1:23:26]} 18. Be7 {[%clk 0:57:54]} Bf6
{[%clk 1:07:11]} 19. Bxb4 {[%clk 0:54:54]} Rb8 {[%clk 1:06:42]} 20. Bc5
{[%clk 0:46:14]} Bb5 {[%clk 0:58:49]} 21. Bd4 {[%clk 0:34:47]} a5
{[%clk 0:48:58]} 22. Bxf6 {[%clk 0:32:21]} gxf6 {[%clk 0:49:11]} 23. f3
{[%clk 0:21:19]} Bxa4 {[%clk 0:49:32]} 24. Bxa4 {[%clk 0:21:41]} Nc5
{[%clk 0:49:56]} 25. Bxc6 {[%clk 0:21:59]} Rxb2 {[%clk 0:50:20]} 26. Bd5
{[%clk 0:20:10]} a4 {[%clk 0:46:37]} 27. Rd4 {[%clk 0:20:02]} a3 {[%clk 0:46:43]}
28. h3 {[%clk 0:19:22]} Kf8 {[%clk 0:39:47]} 29. Rc4 {[%clk 0:16:44]} Nd3
{[%clk 0:35:21]} 30. Rc3 {[%clk 0:15:21]} Nf4 {[%clk 0:35:17]} 31. Bc4
{[%clk 0:15:14]} Rxa2 {[%clk 0:35:21]} 32. Kf1 {[%clk 0:07:18]} Ra1+
{[%clk 0:34:40]} 33. Kf2 {[%clk 0:07:33]} Ng6 {[%clk 0:33:25]} 34. Rb3
{[%clk 0:06:40]} Rc1 {[%clk 0:32:37]} 35. Rb8+ {[%clk 0:06:45]} Kg7
{[%clk 0:33:01]} 36. Bd5 {[%clk 0:06:48]} a2 {[%clk 0:33:20]} 0-1

[Event "Esbjerg Efterår 2019"]
[Site "?"]
[Date "2019.10.20"]
[Round "6.4"]
[White "Berg, Klaus"]
[Black "Brorson, Jacob Abildlund"]
[Result "1/2-1/2"]
[BlackElo "2132"]
[WhiteElo "2256"]
[LiveChessVersion "1.4.8"]

1. c4 {[%clk 1:30:36]} c5 {[%clk 1:30:53]} 2. Nf3 {[%clk 1:29:20]} Nc6
{[%clk 1:31:16]} 3. Nc3 {[%clk 1:29:01]} g6 {[%clk 1:31:39]} 4. e3
{[%clk 1:29:26]} Nf6 {[%clk 1:19:28]} 5. d4 {[%clk 1:29:38]} cxd4
{[%clk 1:19:06]} 6. exd4 {[%clk 1:30:01]} d5 {[%clk 1:18:19]} 7. cxd5
{[%clk 1:30:19]} Nxd5 {[%clk 1:18:17]} 8. Qb3 {[%clk 1:30:36]} Nxc3
{[%clk 1:15:02]} 9. Bc4 {[%clk 1:30:57]} e6 {[%clk 1:08:36]} 10. bxc3
{[%clk 1:29:35]} Bg7 {[%clk 0:58:13]} 11. Ba3 {[%clk 1:28:18]} Bf8
{[%clk 0:56:54]} 12. O-O {[%clk 1:25:22]} Bxa3 {[%clk 0:53:51]} 13. Qxa3
{[%clk 1:25:46]} Ne7 {[%clk 0:53:39]} 14. Bd3 {[%clk 1:20:32]} O-O
{[%clk 0:44:43]} 15. Be4 {[%clk 1:11:16]} Qc7 {[%clk 0:44:26]} 16. Rfe1
{[%clk 1:07:23]} Rd8 {[%clk 0:43:30]} 17. Rad1 {[%clk 1:05:26]} Nd5
{[%clk 0:39:12]} 18. Bxd5 {[%clk 1:05:35]} Rxd5 {[%clk 0:39:40]} 19. Re3
{[%clk 1:00:45]} Bd7 {[%clk 0:38:47]} 20. Ne5 {[%clk 0:58:26]} Bc6
{[%clk 0:34:37]} 21. Rde1 {[%clk 0:52:17]} Ra5 {[%clk 0:29:12]} 22. Qb2
{[%clk 0:41:45]} Bd5 {[%clk 0:26:26]} 23. c4 {[%clk 0:40:45]} Bxc4
{[%clk 0:24:14]} 24. Rc1 {[%clk 0:32:31]} b5 {[%clk 0:19:04]} 25. d5
{[%clk 0:32:39]} Qd6 {[%clk 0:17:31]} 26. Nxc4 {[%clk 0:26:16]} bxc4
{[%clk 0:17:59]} 27. dxe6 {[%clk 0:26:38]} fxe6 {[%clk 0:17:57]} 28. h4
{[%clk 0:26:10]} Rc8 {[%clk 0:16:15]} 29. Qe2 {[%clk 0:19:46]} Rf5
{[%clk 0:12:45]} 30. Rxe6 {[%clk 0:17:04]} Qf4 {[%clk 0:13:04]} 31. Rc2
{[%clk 0:16:07]} Qxh4 {[%clk 0:10:32]} 32. Re4 {[%clk 0:14:28]} Qf6
{[%clk 0:09:55]} 33. Rexc4 {[%clk 0:12:18]} Rxc4 {[%clk 0:06:23]} 34. Qxc4+
{[%clk 0:12:26]} 1/2-1/2

[Event "Esbjerg Efterår 2019"]
[Site "?"]
[Date "2019.10.20"]
[Round "6.5"]
[White "Sørensen, Per Smidt"]
[Black "Hansen, Lars"]
[Result "1-0"]
[BlackElo "2214"]
[WhiteElo "2035"]
[LiveChessVersion "1.4.8"]

1. Nf3 {[%clk 1:30:30]} Nf6 {[%clk 1:25:20]} 2. c4 {[%clk 1:30:18]} b6
{[%clk 1:25:22]} 3. Nc3 {[%clk 1:26:26]} Bb7 {[%clk 1:25:47]} 4. d4
{[%clk 1:25:48]} e6 {[%clk 1:26:12]} 5. g3 {[%clk 1:24:56]} Bb4 {[%clk 1:26:23]}
6. Bg2 {[%clk 1:24:53]} Bxc3+ {[%clk 1:26:01]} 7. bxc3 {[%clk 1:25:21]} d6
{[%clk 1:26:09]} 8. O-O {[%clk 1:25:13]} O-O {[%clk 1:26:36]} 9. Nd2
{[%clk 1:22:28]} Bxg2 {[%clk 1:26:27]} 10. Kxg2 {[%clk 1:22:56]} c5
{[%clk 1:26:41]} 11. e4 {[%clk 1:21:22]} Qc8 {[%clk 1:17:35]} 12. f4
{[%clk 0:57:01]} e5 {[%clk 0:56:03]} 13. fxe5 {[%clk 0:44:14]} dxe5
{[%clk 0:56:25]} 14. Rxf6 {[%clk 0:32:33]} gxf6 {[%clk 0:56:45]} 15. d5
{[%clk 0:32:57]} Kh8 {[%clk 0:46:25]} 16. Qh5 {[%clk 0:32:57]} Rg8
{[%clk 0:41:48]} 17. h3 {[%clk 0:32:26]} Nd7 {[%clk 0:29:59]} 18. Nf1
{[%clk 0:23:00]} Qa6 {[%clk 0:28:14]} 19. Ne3 {[%clk 0:22:59]} Rg6
{[%clk 0:28:31]} 20. Qe2 {[%clk 0:20:58]} Qa4 {[%clk 0:28:02]} 21. Nf5
{[%clk 0:20:23]} a6 {[%clk 0:24:54]} 22. h4 {[%clk 0:09:23]} Rag8
{[%clk 0:15:51]} 23. h5 {[%clk 0:09:08]} Rg4 {[%clk 0:15:47]} 24. Bh6
{[%clk 0:04:38]} b5 {[%clk 0:14:03]} 25. Nd6 {[%clk 0:03:45]} Rxg3+
{[%clk 0:14:01]} 26. Kh2 {[%clk 0:03:20]} Rg2+ {[%clk 0:07:17]} 27. Kh1
{[%clk 0:00:35]} R8g3 {[%clk 0:07:00]} 28. Qxg2 {[%clk 0:00:39]} Rxg2
{[%clk 0:07:21]} 29. Kxg2 {[%clk 0:00:45]} Qc2+ {[%clk 0:07:08]} 30. Kf1
{[%clk 0:00:38]} Qxc3 {[%clk 0:06:24]} 31. Re1 {[%clk 0:00:45]} Qf3+
{[%clk 0:06:25]} 32. Kg1 {[%clk 0:01:10]} Qxh5 {[%clk 0:04:37]} 33. Re3
{[%clk 0:01:22]} f5 {[%clk 0:00:57]} 34. Rg3 {[%clk 0:00:45]} f4 {[%clk 0:00:59]}
35. Rg2 {[%clk 0:00:55]} Qd1+ {[%clk 0:00:40]} 36. Kh2 {[%clk 0:01:18]} Qh5+
{[%clk 0:01:01]} 37. Kg1 {[%clk 0:01:46]} f3 {[%clk 0:00:38]} 38. Rg3
{[%clk 0:01:41]} f5 {[%clk 0:00:35]} 39. Rg5 {[%clk 0:01:51]} Qxg5+
{[%clk 0:00:33]} 40. Bxg5 {[%clk 0:02:19]} fxe4 {[%clk 0:00:52]} 41. cxb5
{[%clk 0:02:18]} axb5 {[%clk 0:01:10]} 42. Nxb5 {[%clk 0:02:42]} Kg7
{[%clk 0:01:14]} 43. a4 {[%clk 0:03:00]} Kg6 {[%clk 0:00:57]} 44. Be3
{[%clk 0:03:04]} Nb6 {[%clk 0:01:11]} 45. Nc3 {[%clk 0:02:26]} Nc4
{[%clk 0:01:08]} 46. Kf2 {[%clk 0:02:40]} Kf5 {[%clk 0:01:31]} 47. Bxc5
{[%clk 0:02:12]} Nb2 {[%clk 0:00:50]} 48. Be3 {[%clk 0:01:55]} Nc4
{[%clk 0:00:56]} 49. d6 {[%clk 0:01:27]} Nxd6 {[%clk 0:00:59]} 50. a5
{[%clk 0:01:55]} Nc8 {[%clk 0:01:00]} 51. a6 {[%clk 0:02:03]} h5 {[%clk 0:01:23]}
52. Kg3 {[%clk 0:01:58]} Ke6 {[%clk 0:01:36]} 53. Nxe4 {[%clk 0:01:26]} Kd5
{[%clk 0:01:50]} 54. Nf6+ {[%clk 0:01:41]} Kc6 {[%clk 0:01:47]} 55. Nxh5
{[%clk 0:01:45]} Kb5 {[%clk 0:01:34]} 56. a7 {[%clk 0:02:06]} Nxa7
{[%clk 0:01:53]} 57. Bxa7 {[%clk 0:02:35]} f2 {[%clk 0:02:13]} 58. Kxf2
{[%clk 0:02:51]} e4 {[%clk 0:02:32]} 59. Ke3 {[%clk 0:03:06]} Kc6
{[%clk 0:02:50]} 60. Nf4 {[%clk 0:03:25]} Kd6 {[%clk 0:03:11]} 61. Bd4
{[%clk 0:03:46]} Kc6 {[%clk 0:03:30]} 62. Kxe4 {[%clk 0:04:07]} Kb5
{[%clk 0:03:29]} 63. Kd5 {[%clk 0:04:21]} Kb4 {[%clk 0:03:48]} 64. Ng2
{[%clk 0:04:01]} Kb3 {[%clk 0:03:42]} 65. Ne3 {[%clk 0:04:12]} Kb4
{[%clk 0:04:02]} 66. Kc6 {[%clk 0:04:08]} Ka5 {[%clk 0:03:57]} 67. Bc5
{[%clk 0:02:16]} Ka4 {[%clk 0:04:15]} 68. Ba7 {[%clk 0:01:25]} Kb4
{[%clk 0:04:26]} 69. Bd4 {[%clk 0:01:47]} Ka5 {[%clk 0:04:33]} 70. Nc4+
{[%clk 0:01:25]} Kb4 {[%clk 0:04:47]} 71. Nd2 {[%clk 0:01:52]} Ka5
{[%clk 0:04:51]} 72. Bc5 {[%clk 0:00:39]} Ka4 {[%clk 0:04:51]} 73. Bd6
{[%clk 0:00:59]} Ka5 {[%clk 0:05:09]} 74. Ne4 {[%clk 0:00:52]} Ka4
{[%clk 0:05:22]} 75. Kb6 {[%clk 0:00:48]} Kb3 {[%clk 0:05:41]} 76. Kb5
{[%clk 0:00:39]} Kc2 {[%clk 0:06:02]} 77. Kc4 {[%clk 0:00:55]} Kd1
{[%clk 0:06:24]} 78. Kd3 {[%clk 0:01:15]} Ke1 {[%clk 0:06:46]} 79. Ke3
{[%clk 0:01:05]} Kf1 {[%clk 0:07:00]} 80. Bh2 {[%clk 0:01:09]} Kg2
{[%clk 0:07:23]} 81. Be5 {[%clk 0:01:05]} Kh3 {[%clk 0:07:31]} 82. Kf3
{[%clk 0:01:23]} Kh4 {[%clk 0:07:51]} 83. Bg3+ {[%clk 0:00:49]} Kh5
{[%clk 0:08:09]} 84. Kf4 {[%clk 0:01:04]} Kg6 {[%clk 0:08:34]} 85. Bh4
{[%clk 0:01:10]} Kh5 {[%clk 0:08:40]} 86. Bd8 {[%clk 0:01:31]} Kg6
{[%clk 0:09:06]} 87. Nc5 {[%clk 0:01:42]} Kf7 {[%clk 0:09:20]} 88. Kf5
{[%clk 0:01:58]} Ke8 {[%clk 0:09:37]} 89. Bg5 {[%clk 0:02:03]} Kf7
{[%clk 0:10:00]} 90. Bf6 {[%clk 0:02:22]} Ke8 {[%clk 0:10:10]} 91. Ke6
{[%clk 0:02:10]} Kf8 {[%clk 0:10:34]} 92. Ne4 {[%clk 0:02:04]} Kg8
{[%clk 0:10:42]} 93. Ke7 {[%clk 0:01:38]} Kh7 {[%clk 0:11:02]} 94. Kf7
{[%clk 0:01:55]} Kh6 {[%clk 0:11:29]} 95. Ng3 {[%clk 0:02:20]} Kh7
{[%clk 0:11:53]} 96. Bg5 {[%clk 0:02:33]} Kh8 {[%clk 0:12:17]} 97. Bh6
{[%clk 0:02:59]} Kh7 {[%clk 0:13:53]} 98. Bf8 {[%clk 0:04:10]} Kh8
{[%clk 0:13:53]} 99. Nh5 {[%clk 0:04:10]} Kh7 100. Nf6+ {[%clk 0:04:10]} Kh8
{[%clk 0:13:53]} 101. Bg7# {[%clk 0:04:10]} 1-0

[Event "Esbjerg Efterår 2019"]
[Site "?"]
[Date "2019.10.20"]
[Round "6.6"]
[White "Bønnelykke, Ole"]
[Black "Jensen, Henrik Tranberg"]
[Result "1/2-1/2"]
[BlackElo "1985"]
[WhiteElo "2009"]
[LiveChessVersion "1.4.8"]

1. d4 {[%clk 1:30:24]} Nf6 {[%clk 1:30:49]} 2. c4 {[%clk 1:30:46]} g6
{[%clk 1:30:50]} 3. Nc3 {[%clk 1:31:08]} Bg7 {[%clk 1:31:10]} 4. e4
{[%clk 1:31:28]} d6 {[%clk 1:31:39]} 5. f3 {[%clk 1:31:40]} O-O {[%clk 1:31:05]}
6. Be3 {[%clk 1:31:56]} e5 {[%clk 1:30:32]} 7. d5 {[%clk 1:31:40]} Nbd7
{[%clk 1:29:55]} 8. Qd2 {[%clk 1:31:26]} a5 {[%clk 1:29:59]} 9. g4
{[%clk 1:29:49]} Nc5 {[%clk 1:27:39]} 10. h4 {[%clk 1:29:31]} h5 {[%clk 1:21:34]}
11. Bg5 {[%clk 1:26:32]} hxg4 {[%clk 1:07:26]} 12. h5 {[%clk 1:26:27]} gxf3
{[%clk 1:02:19]} 13. h6 {[%clk 1:20:18]} f2+ {[%clk 1:02:26]} 14. Qxf2
{[%clk 1:19:34]} Nfxe4 {[%clk 0:59:05]} 15. hxg7 {[%clk 1:14:44]} Nxf2
{[%clk 0:43:11]} 16. Bxd8 {[%clk 1:13:20]} Kxg7 {[%clk 0:42:52]} 17. Kxf2
{[%clk 1:09:37]} Rxd8 {[%clk 0:39:08]} 18. Nf3 {[%clk 1:08:36]} 1/2-1/2

[Event "Esbjerg Efterår 2019"]
[Site "?"]
[Date "2019.10.20"]
[Round "6.7"]
[White "Larsen, Allan Oksenbøl"]
[Black "Lindestrøm, Torsten"]
[Result "0-1"]
[BlackElo "2097"]
[WhiteElo "1894"]
[LiveChessVersion "1.4.8"]

1. d4 {[%clk 1:23:36]} f5 {[%clk 1:30:54]} 2. Nc3 {[%clk 1:23:39]} Nf6
{[%clk 1:30:36]} 3. Bg5 {[%clk 1:22:12]} d5 {[%clk 1:30:40]} 4. Nf3
{[%clk 1:21:44]} e6 {[%clk 1:29:20]} 5. e3 {[%clk 1:21:14]} Bd6 {[%clk 1:28:03]}
6. Bd3 {[%clk 1:21:25]} c6 {[%clk 1:28:02]} 7. O-O {[%clk 1:18:40]} Nbd7
{[%clk 1:27:30]} 8. Ne2 {[%clk 1:18:09]} O-O {[%clk 1:25:56]} 9. c4
{[%clk 1:14:55]} Qe8 {[%clk 1:19:50]} 10. Rc1 {[%clk 1:12:32]} Ne4
{[%clk 1:15:19]} 11. Bf4 {[%clk 1:11:59]} Qe7 {[%clk 1:11:37]} 12. c5
{[%clk 1:02:37]} Bb8 {[%clk 1:07:52]} 13. b4 {[%clk 0:59:22]} a6 {[%clk 1:00:39]}
14. a4 {[%clk 0:55:39]} e5 {[%clk 1:00:18]} 15. dxe5 {[%clk 0:55:26]} Nxe5
{[%clk 1:00:36]} 16. Bxe5 {[%clk 0:53:21]} Bxe5 {[%clk 1:00:58]} 17. Nxe5
{[%clk 0:51:11]} Qxe5 {[%clk 1:01:08]} 18. f4 {[%clk 0:49:27]} Qe7
{[%clk 1:00:23]} 19. Bxe4 {[%clk 0:49:38]} Qxe4 {[%clk 0:59:34]} 20. Qd4
{[%clk 0:49:36]} Re8 {[%clk 0:59:41]} 21. Rf3 {[%clk 0:49:14]} Bd7
{[%clk 0:53:08]} 22. a5 {[%clk 0:32:03]} Re7 {[%clk 0:51:07]} 23. Kf2
{[%clk 0:31:10]} Be8 {[%clk 0:50:44]} 24. Ng3 {[%clk 0:27:59]} Qe6
{[%clk 0:48:22]} 25. Nf1 {[%clk 0:27:17]} Bh5 {[%clk 0:45:49]} 26. Rg3
{[%clk 0:27:29]} Qf7 {[%clk 0:39:45]} 27. Nd2 {[%clk 0:27:01]} Rae8
{[%clk 0:39:40]} 28. Re1 {[%clk 0:24:48]} Re6 {[%clk 0:39:01]} 29. Kg1
{[%clk 0:23:37]} Qe7 {[%clk 0:31:30]} 30. h3 {[%clk 0:20:21]} g6 {[%clk 0:26:26]}
31. Kh2 {[%clk 0:17:08]} Kf7 {[%clk 0:24:04]} 32. Qd3 {[%clk 0:15:35]} Qf6
{[%clk 0:22:31]} 33. Rg5 {[%clk 0:12:21]} h6 {[%clk 0:14:21]} 34. Rxh5
{[%clk 0:12:34]} gxh5 {[%clk 0:14:44]} 35. Nf3 {[%clk 0:12:55]} Re4
{[%clk 0:14:53]} 36. Qd1 {[%clk 0:09:03]} Rxe3 {[%clk 0:11:43]} 37. Rxe3
{[%clk 0:08:56]} Rxe3 {[%clk 0:12:07]} 38. Ne5+ {[%clk 0:05:37]} Rxe5
{[%clk 0:12:19]} 39. fxe5 {[%clk 0:05:59]} Qxe5+ {[%clk 0:12:42]} 40. Kh1
{[%clk 0:06:23]} f4 {[%clk 0:06:59]} 41. Qb1 {[%clk 0:06:39]} Kg7
{[%clk 0:04:45]} 42. Qd1 {[%clk 0:06:58]} d4 {[%clk 0:04:24]} 43. Qa1
{[%clk 0:06:49]} h4 {[%clk 0:03:48]} 44. Qd1 {[%clk 0:06:53]} h5 {[%clk 0:03:37]}
45. Kg1 {[%clk 0:07:04]} d3 {[%clk 0:03:26]} 46. Qxd3 {[%clk 0:06:31]} Qe1+
{[%clk 0:02:52]} 47. Qf1 {[%clk 0:05:25]} Qxf1+ {[%clk 0:01:56]} 48. Kxf1
{[%clk 0:05:49]} Kf6 {[%clk 0:02:25]} 49. Ke2 {[%clk 0:05:19]} Ke5
{[%clk 0:02:45]} 50. Kf3 {[%clk 0:03:40]} Kf5 {[%clk 0:03:09]} 51. Kf2
{[%clk 0:03:48]} Ke4 {[%clk 0:02:24]} 52. Ke2 {[%clk 0:04:11]} Kd4
{[%clk 0:02:06]} 53. Kf3 {[%clk 0:03:15]} Ke5 {[%clk 0:01:44]} 54. Kf2
{[%clk 0:03:27]} Ke4 {[%clk 0:02:06]} 55. Ke2 {[%clk 0:03:52]} Kd4
{[%clk 0:01:37]} 56. Kf3 {[%clk 0:04:14]} Kc4 {[%clk 0:02:04]} 57. Kxf4
{[%clk 0:04:10]} Kxb4 {[%clk 0:02:31]} 58. Kg5 {[%clk 0:04:34]} Kxc5
{[%clk 0:01:59]} 59. Kxh4 {[%clk 0:04:54]} Kb4 {[%clk 0:00:36]} 60. Kxh5
{[%clk 0:01:17]} c5 {[%clk 0:01:02]} 61. g4 {[%clk 0:01:37]} c4 {[%clk 0:01:30]}
62. g5 {[%clk 0:02:02]} c3 {[%clk 0:01:57]} 63. g6 {[%clk 0:02:29]} c2
{[%clk 0:02:24]} 64. g7 {[%clk 0:02:41]} c1=Q {[%clk 0:02:51]} 65. g8=Q
{[%clk 0:02:50]} Qc5+ {[%clk 0:00:37]} 66. Kh6 {[%clk 0:01:08]} Kxa5
{[%clk 0:00:44]} 67. Qa2+ {[%clk 0:01:14]} Kb6 {[%clk 0:01:07]} 68. h4
{[%clk 0:01:31]} a5 {[%clk 0:01:06]} 69. h5 {[%clk 0:01:54]} Qe3+
{[%clk 0:00:49]} 70. Kg6 {[%clk 0:00:00]} 0-1

[Event "Esbjerg Efterår 2019"]
[Site "?"]
[Date "2019.10.20"]
[Round "6.8"]
[White "Heinemann, Guido"]
[Black "Horslund, Mikael"]
[Result "1-0"]
[BlackElo "1731"]
[WhiteElo "1811"]
[LiveChessVersion "1.4.8"]

1. e4 {[%clk 1:30:56]} e6 {[%clk 1:30:14]} 2. d4 {[%clk 1:31:22]} d5
{[%clk 1:30:36]} 3. Nc3 {[%clk 1:31:49]} dxe4 {[%clk 1:30:19]} 4. Nxe4
{[%clk 1:28:26]} Bd7 {[%clk 1:30:37]} 5. Nf3 {[%clk 1:28:09]} Bc6
{[%clk 1:30:59]} 6. Ng3 {[%clk 1:25:46]} Nd7 {[%clk 1:27:22]} 7. Bc4
{[%clk 1:23:16]} Nb6 {[%clk 1:23:29]} 8. Bb3 {[%clk 1:22:20]} Bxf3
{[%clk 1:23:32]} 9. Qxf3 {[%clk 1:21:35]} c6 {[%clk 1:23:22]} 10. Be3
{[%clk 1:17:59]} Qf6 {[%clk 1:17:22]} 11. Qe2 {[%clk 1:17:19]} Nd5
{[%clk 1:16:02]} 12. O-O {[%clk 1:13:40]} Nh6 {[%clk 1:08:40]} 13. Bxd5
{[%clk 1:09:50]} Qd8 1-0

[Event "Esbjerg Efterår 2019"]
[Site "?"]
[Date "2019.10.20"]
[Round "6.9"]
[White "Rossen, Claus"]
[Black "Rozenfeld, Michael Tranberg"]
[Result "1/2-1/2"]
[BlackElo "1882"]
[WhiteElo "2146"]
[LiveChessVersion "1.4.8"]

1. e4 {[%clk 1:30:57]} e5 {[%clk 1:30:54]} 2. Nf3 {[%clk 1:31:19]} Nc6
{[%clk 1:31:18]} 3. d4 {[%clk 1:31:44]} exd4 {[%clk 1:31:42]} 4. Nxd4
{[%clk 1:32:10]} Nf6 {[%clk 1:32:05]} 5. Nxc6 {[%clk 1:32:33]} bxc6
{[%clk 1:32:30]} 6. e5 {[%clk 1:33:01]} Qe7 {[%clk 1:32:51]} 7. Qe2
{[%clk 1:33:25]} Nd5 {[%clk 1:33:13]} 8. c4 {[%clk 1:33:51]} Ba6 {[%clk 1:33:35]}
9. b3 {[%clk 1:34:18]} g6 {[%clk 1:33:58]} 10. f4 {[%clk 1:34:24]} d6
{[%clk 1:33:12]} 11. Qe4 {[%clk 1:31:00]} f5 {[%clk 1:12:32]} 12. Qf3
{[%clk 1:28:26]} Nb4 {[%clk 1:04:45]} 13. a3 {[%clk 1:21:04]} Nc2+ 14. Kd1
{[%clk 1:21:22]} Nd4 {[%clk 1:00:20]} 15. Qe3 {[%clk 1:21:18]} dxe5
{[%clk 0:54:58]} 16. Bb2 {[%clk 1:14:47]} O-O-O {[%clk 0:50:12]} 1/2-1/2

[Event "Esbjerg Efterår 2019"]
[Site "?"]
[Date "2019.10.20"]
[Round "6.10"]
[White "Jakobsen, Christian Kjærgaard"]
[Black "Easwaralingam, Adesh"]
[Result "1/2-1/2"]
[BlackElo "2082"]
[WhiteElo "1884"]
[LiveChessVersion "1.4.8"]

1. e4 {[%clk 1:29:47]} c5 {[%clk 1:30:49]} 2. Nf3 {[%clk 1:30:10]} e6
{[%clk 1:31:13]} 3. c3 {[%clk 1:30:23]} Nf6 {[%clk 1:31:36]} 4. e5
{[%clk 1:30:39]} Nd5 {[%clk 1:32:00]} 5. d4 {[%clk 1:31:02]} cxd4
{[%clk 1:32:26]} 6. cxd4 {[%clk 1:30:58]} d6 {[%clk 1:32:50]} 7. Nc3
{[%clk 1:28:32]} Nxc3 {[%clk 1:28:09]} 8. bxc3 {[%clk 1:28:21]} Nc6
{[%clk 1:28:29]} 9. exd6 {[%clk 1:28:39]} Bxd6 {[%clk 1:28:06]} 10. Bd3
{[%clk 1:28:17]} Qc7 {[%clk 1:23:42]} 11. O-O {[%clk 1:23:31]} Ne7
{[%clk 1:19:04]} 12. Bd2 {[%clk 1:20:44]} Ng6 {[%clk 1:15:05]} 13. Re1
{[%clk 1:14:37]} Nf4 {[%clk 1:06:44]} 14. Bxf4 {[%clk 1:12:37]} Bxf4
{[%clk 1:07:08]} 15. Qc2 {[%clk 1:12:45]} Bd7 {[%clk 0:59:14]} 16. g3
{[%clk 1:08:34]} Bc6 {[%clk 0:57:56]} 17. Ne5 {[%clk 1:07:14]} Bxe5
{[%clk 0:53:56]} 18. Rxe5 {[%clk 1:07:31]} h6 {[%clk 0:47:20]} 19. Rc5
{[%clk 1:04:06]} Rc8 {[%clk 0:41:21]} 1/2-1/2